000 00583cam a22002291 4500
001 ne 63002663
003 DLC
005 20260227111753.0
008 880829s1963 xx 000 0 arar
010 _ane 63002663
035 _a(OCoLC)23517578
040 _aDLC
_cMiU
_dDLC
042 _apremarc
043 _aaw-----
050 0 0 _aHD9576.N36
_bM8
100 1 _aMuʻtaṣim billāh, Aḥmad.
245 1 3 _aal-Batrūl al-ʻArabī.
260 _a[n. p.]
_c[1963.]
300 _a151 p.
_c20 cm.
500 _aRomanized.
650 0 _aPetroleum industry and trade
_zMiddle East
999 _c46541
_d46541